| 000 | 00786cab a2200265 4500 | ||
|---|---|---|---|
| 001 | ABS49908 | ||
| 008 | 090401t1994 xxu||||| |||| 00| 0 eng d | ||
| 035 | _a(Sirsi) u73289 | ||
| 041 | _aeng | ||
| 100 | _aDavis Langdon and Everest, | ||
| 245 | _aTender/building cost forecast | ||
| 260 | _c1994 | ||
| 350 | _a0 | ||
| 490 |
_aBuilding Economist _vJanuary 1994, 12-14(3) |
||
| 520 | _aReview of tender prices and building costs over the last twelve months. | ||
| 650 | _aBUILDING COST INDICES | ||
| 650 | _aBUILT ENVIRONMENT-BUILDING COSTS | ||
| 650 | _aMECHANICAL AND ELECTRICAL COST INDICES | ||
| 650 | _aBCIS ALL-IN TENDER PRICE INDEX | ||
| 650 | _aTENDER PRICES | ||
| 690 | _aBUILT ENVIRONMENT-BUILDING COSTS | ||
| 700 | _h | ||
| 942 | _n0 | ||
| 948 | _c04/03/1997 | ||
| 999 |
_c46350 _d46350 |
||